000 00442nam a2200181Ia 4500
008 230524s9999 xx 000 0 und d
020 _a978590070620193
082 _a330
_bCOO
100 _aDonald R.Cooper
245 0 _aBusiness Research Methods
250 _a9TH
260 _aNEW DELHI
_bTMH
_c2009
300 _aXXIII;733
500 _aQuantity Number: 10
650 _aManagement
700 _a Pamela S.Schindler
942 _cBK
999 _c42683
_d42683